000 00942pam a2200289 a 4500
001 16309418
003 OSt
005 20180116183020.0
008 100629s2011 maua b 001 0 eng
010 _a 2010287551
020 _a9780136110996
020 _a9788131764374
040 _aDLC
_beng
_cDLC
_dDLC
050 0 0 _aT58.6
_b.L3753 2011
082 _a658.4038 LAU 2012
100 1 _aLaudon, Kenneth C.,
_d1944-
245 1 0 _aEssentials of Management Information Systems
_cKenneth C. Laudon, Jane P. Laudon.
250 _a9th ed.
260 _aBoston :
_bPrentice Hall,
_cc2011.
300 _a440 + 20 other
_bcol. ill. ;
_c29 cm.
504 _aIncludes bibliographical references and index.
650 0 _aManagement information systems.
700 1 _aLaudon, Jane P.
_q(Jane Price)
906 _a7
_bcbc
_corigcop
_d2
_eocip
_f20
_gy-gencatlg
942 _2ddc
_cBK
999 _c350534
_d350534